Βιβλιαγάπη : για το παιδί και το βιβλίο.

Αποθηκεύτηκε σε:
Λεπτομέρειες βιβλιογραφικής εγγραφής
Μορφή: Βιβλίο
Γλώσσα:Greek
Δημοσίευση: Αθήνα : Gutenberg, 1998.
Σειρά:Βιβλία για το βιβλίο (Gutenberg)
Θέματα:
Ετικέτες: Προσθήκη ετικέτας
Δεν υπάρχουν, Καταχωρήστε ετικέτα πρώτοι!

MARC

LEADER 00000cam a2200000 i 4500
001 1/44387
008 031105s1998 gr | ||| |||| ||gre||
020 |a 9600100926 
035 |l 10071538 
040 |a GR-MY-UA  |b gre  |e aacr 
041 0 |a gre 
082 7 |a 028.534   |2 (21) 
245 0 0 |a Βιβλιαγάπη :   |b για το παιδί και το βιβλίο. 
260 |a Αθήνα :   |b Gutenberg,   |c 1998. 
300 |a 136 σ. :   |b εικ. ;   |c 24 εκ. 
490 1 |a (Βιβλία για το βιβλίο / Gutenberg) 
504 |a Περιέχει βιβλιογραφία. 
650 0 0 |a Children  |x Books and reading. 
830 0 |a Βιβλία για το βιβλίο (Gutenberg) 
852 |a INST  |b LESVOS  |e 20031105  |h 028.534 ΒΙΒ  |p 005100030322  |q 005100030322  |t BK  |y 0 
901 |a BIBL1-2004-3 
909 |a Λ  |b 106569 
922 |a 1ΕΛΗ  |b 200310  |c ΤΑΚ/ΚΥΒ  |d ΠΑΠΑΣΩΤΗΡΙΟΥ & ΕΛΕΥΘΕΡΟΥΔΑΚΗΣ 
950 |a 023-2003-09-15 
970 |a ΧΡΙΣΤΟΦΑ  |b ΝΙΚΗ  |z 2004/09/28